[Event "GBR-ch111 Major Open"]
[Site "Liverpool"]
[Date "2025.08.06"]
[Round "5.44"]
[White "Islam, Mohammed"]
[Black "Ashworth, Robert M"]
[Result "0-1"]
[WhiteElo "1803"]
[BlackElo "1951"]
[PlyCount "54"]
[EventDate "2025.08.02"]
[EventType "swiss"]
[EventRounds "9"]
[EventCountry "GBR"]
[SourceTitle "BritBase"]
[Source "John Saunders"]
[SourceDate "2025.08.11"]
[SourceVersion "1"]
[SourceVersionDate "2025.08.11"]
[SourceQuality "1"]

1. d4 d5 2. c4 c6 3. e3 Nf6 4. Nf3 e6 5. Nbd2 Nbd7 6. Bd3 Be7 7. a3 a5 8. b3 O-O 9. Bb2 b6 10. Ne5 Nxe5 11. dxe5 Nd7 12. Qh5 g6 13. Qh6 Re8 14. h4 dxc4 15. Nxc4 Nc5 16. Bc2 Nd3+ 17. Ke2 Nxb2 18. Nxb2 Ba6+ 19. Nc4 Qd5 20. Qf4 b5 21. Rad1 Qc5 22. h5 bxc4 23. hxg6 cxb3+ 24. Kf3 fxg6 25. Qh6 Rf8+ 26. Kg4 Rf7 27. Bxg6 Rg7 0-1

[Event "GBR-ch111 Major Open"]
[Site "Liverpool"]
[Date "2025.08.06"]
[Round "5.45"]
[White "Keen, Maya"]
[Black "Chapman, Luke"]
[Result "0-1"]
[WhiteElo "1805"]
[BlackElo "1921"]
[PlyCount "92"]
[EventDate "2025.08.02"]
[EventType "swiss"]
[EventRounds "9"]
[EventCountry "GBR"]
[SourceTitle "BritBase"]
[Source "John Saunders"]
[SourceDate "2025.08.11"]
[SourceVersion "1"]
[SourceVersionDate "2025.08.11"]
[SourceQuality "1"]

1. d4 Nf6 2. Nf3 d5 3. c4 e6 4. g3 dxc4 5. Bg2 Nc6 6. O-O Rb8 7. Nc3 b5 8. a3 Be7 9. Bg5 O-O 10. e4 h6 11. Be3 Ng4 12. Qe2 Na5 13. Nd2 Nxe3 14. Qxe3 c5 15. d5 b4 16. Na4 Qc7 17. Rfc1 Bd7 18. axb4 Rxb4 19. Nc3 Nb3 20. Nxb3 cxb3 21. e5 Qb6 22. d6 Bd8 23. Ne4 c4 24. Qc5 Qxc5 25. Nxc5 Bb5 26. Na6 Bxa6 27. Rxa6 Bb6 28. Bf1 Rc8 29. d7 Rd8 30. Rxc4 Rxc4 31. Bxc4 Rxd7 32. Ra3 Rd1+ 33. Bf1 Rd2 34. Rxb3 Rxf2 35. Rxb6 Rxf1+ 36. Kxf1 axb6 37. Ke2 Kf8 38. Kd3 Ke7 39. b4 f6 40. Ke4 f5+ 41. Kd4 g5 42. b5 g4 43. Kd3 Kf7 44. Ke3 Kg6 45. Kf4 h5 46. Ke3 Kg5 0-1

[Event "GBR-ch111 Major Open"]
[Site "Liverpool"]
[Date "2025.08.06"]
[Round "5.46"]
[White "Sahoo, Shivam"]
[Black "Vaidyanathan, Sathya"]
[Result "1/2-1/2"]
[WhiteElo "1791"]
[BlackElo "1915"]
[PlyCount "51"]
[EventDate "2025.08.02"]
[EventType "swiss"]
[EventRounds "9"]
[EventCountry "GBR"]
[SourceTitle "BritBase"]
[Source "John Saunders"]
[SourceDate "2025.08.11"]
[SourceVersion "1"]
[SourceVersionDate "2025.08.11"]
[SourceQuality "1"]

1. d4 d5 2. c4 e6 3. Nc3 Nf6 4. cxd5 exd5 5. Bg5 c6 6. e3 Be7 7. Bd3 Nbd7 8. Nge2 O-O 9. O-O Ne4 10. Bf4 f5 11. f3 Nxc3 12. bxc3 Nf6 13. Ng3 g6 14. Qd2 Bd6 15. Bxd6 Qxd6 16. Rae1 Bd7 17. e4 fxe4 18. fxe4 dxe4 19. Bc4+ Kg7 20. Qg5 Kh8 21. Nxe4 Nxe4 22. Rxf8+ Rxf8 23. Rxe4 Re8 24. Rxe8+ Bxe8 25. Qe3 Bd7 26. Bb3 1/2-1/2

[Event "GBR-ch111 Major Open"]
[Site "Liverpool"]
[Date "2025.08.06"]
[Round "5.47"]
[White "Mize, Dylan"]
[Black "Keely, Leo A"]
[Result "0-1"]
[WhiteElo "1791"]
[BlackElo "1906"]
[PlyCount "74"]
[EventDate "2025.08.02"]
[EventType "swiss"]
[EventRounds "9"]
[EventCountry "GBR"]
[SourceTitle "BritBase"]
[Source "John Saunders"]
[SourceDate "2025.08.11"]
[SourceVersion "1"]
[SourceVersionDate "2025.08.11"]
[SourceQuality "1"]

1. Nf3 Nf6 2. g3 g6 3. b3 Bg7 4. Bb2 d6 5. d4 c6 6. Bg2 a5 7. a3 Na6 8. O-O O-O 9. Nbd2 c5 10. c4 cxd4 11. Nxd4 Nc5 12. Qc2 e5 13. Nb5 Bf5 14. e4 Bg4 15. Rfe1 Qd7 16. f3 Be6 17. Rad1 Ne8 18. Nf1 f5 19. Bh3 fxe4 20. Bxe6+ Qxe6 21. fxe4 Rd8 22. Bc1 a4 23. b4 Nb3 24. Bg5 Rc8 25. Rd5 Nd4 26. Nxd4 exd4 27. Bf4 Be5 28. Bxe5 dxe5 29. Nd2 Nf6 30. Rb5 Ng4 31. Qxa4 Ne3 32. Qb3 Qf6 33. c5+ Kh8 34. Rxe3 Qf2+ 35. Kh1 dxe3 36. Qe6 exd2 37. Qxe5+ Qf6 0-1

[Event "GBR-ch111 Major Open"]
[Site "Liverpool"]
[Date "2025.08.06"]
[Round "5.48"]
[White "Wilkinson, Daniel"]
[Black "Taylor, Matthew"]
[Result "1/2-1/2"]
[WhiteElo "1889"]
[BlackElo "1762"]
[PlyCount "46"]
[EventDate "2025.08.02"]
[EventType "swiss"]
[EventRounds "9"]
[EventCountry "GBR"]
[SourceTitle "BritBase"]
[Source "John Saunders"]
[SourceDate "2025.08.11"]
[SourceVersion "1"]
[SourceVersionDate "2025.08.11"]
[SourceQuality "1"]

1. e4 e6 2. d4 d5 3. Nc3 Nf6 4. Bg5 dxe4 5. Nxe4 Nbd7 6. Nf3 h6 7. Bxf6 Nxf6 8. Bd3 Nxe4 9. Bxe4 c5 10. O-O cxd4 11. Qxd4 Qxd4 12. Nxd4 Bc5 13. Nb3 Bb6 14. a4 a5 15. Rad1 Ke7 16. Nd2 Bd7 17. Nc4 Bc7 18. b3 Bc6 19. Bxc6 bxc6 20. Rd3 Rad8 21. Rfd1 Rxd3 22. Rxd3 Rd8 23. Rxd8 Kxd8 1/2-1/2

[Event "GBR-ch111 Major Open"]
[Site "Liverpool"]
[Date "2025.08.06"]
[Round "5.49"]
[White "Woozeer, Seth"]
[Black "Waterfield, Mark B"]
[Result "0-1"]
[WhiteElo "1780"]
[BlackElo "1869"]
[PlyCount "162"]
[EventDate "2025.08.02"]
[EventType "swiss"]
[EventRounds "9"]
[EventCountry "GBR"]
[SourceTitle "BritBase"]
[Source "John Saunders"]
[SourceDate "2025.08.11"]
[SourceVersion "1"]
[SourceVersionDate "2025.08.11"]
[SourceQuality "1"]

1. e4 e6 2. d4 d5 3. Nd2 Nf6 4. e5 Nfd7 5. Bd3 c5 6. c3 Nc6 7. Ne2 cxd4 8. cxd4 f6 9. exf6 Nxf6 10. O-O Bd6 11. Nf3 Qc7 12. Bg5 O-O 13. Bh4 Bd7 14. Bg3 Be8 15. Ng5 Bf7 16. Nxf7 Rxf7 17. Rc1 a6 18. Bb1 Re8 19. Nc3 Bxg3 20. hxg3 Qb6 21. Ne2 Qxb2 22. Qd3 g6 23. f4 Ne4 24. g4 Qd2 25. Rfd1 Qxd3 26. Bxd3 Nd6 27. Bxa6 Nb4 28. Bd3 Nxa2 29. Rb1 Rc8 30. Rb3 Rfc7 31. Rb6 Rc6 32. Rdb1 Nc1 33. Nxc1 Rxc1+ 34. Rxc1 Rxc1+ 35. Kf2 Rc6 36. Rxc6 bxc6 37. Ke3 Kf7 38. Be2 Ke7 39. Bf3 Nc4+ 40. Kd3 Kd6 41. Kc3 c5 42. Be2 Na5 43. Bd3 cxd4+ 44. Kxd4 Nc6+ 45. Ke3 Ne7 46. Kd4 Nc6+ 47. Ke3 e5 48. fxe5+ Kxe5 49. Bb5 Nd4 50. Bd3 Ne6 51. Be2 g5 52. Bf3 h6 53. Be2 Nf4 54. Bf3 Ne6 55. Be2 Kd6 56. Bf3 Kc5 57. Kd3 Nf4+ 58. Ke3 Ng6 59. g3 Ne5 60. Be2 Nc4+ 61. Kd3 Ne5+ 62. Ke3 Nc6 63. Kd3 Kd6 64. Ke3 Ke5 65. Bf3 Nb4 66. Bg2 Na6 67. Bf1 Nc5 68. Bb5 Ne4 69. Kf3 Kd4 70. Bc6 Nf6 71. Bb5 Kc3 72. Ba4 d4 73. Bd1 Kd2 74. Ba4 d3 75. Bb5 Kc2 76. Ba4+ Kc1 77. Ke3 d2 78. Kd4 d1=Q+ 79. Bxd1 Kxd1 80. Ke5 Ke2 81. Kxf6 Kf3 0-1

[Event "GBR-ch111 Major Open"]
[Site "Liverpool"]
[Date "2025.08.06"]
[Round "5.50"]
[White "Collins, Jonathan L"]
[Black "Railwani, Tavish"]
[Result "1-0"]
[WhiteElo "1868"]
[BlackElo "1714"]
[PlyCount "53"]
[EventDate "2025.08.02"]
[EventType "swiss"]
[EventRounds "9"]
[EventCountry "GBR"]
[SourceTitle "BritBase"]
[Source "John Saunders"]
[SourceDate "2025.08.11"]
[SourceVersion "1"]
[SourceVersionDate "2025.08.11"]
[SourceQuality "1"]

1. e4 e6 2. Nf3 d5 3. Nc3 d4 4. Ne2 c5 5. c3 Nc6 6. cxd4 cxd4 7. Qa4 Bc5 8. b4 Bxb4 9. Nexd4 Nge7 10. Nxc6 Nxc6 11. Bb5 Qd6 12. e5 Qc5 13. a3 Bc3 14. Bxc6+ bxc6 15. dxc3 Qxc3+ 16. Bd2 Qxa1+ 17. Ke2 Qb2 18. Qxc6+ Ke7 19. Qd6+ Ke8 20. Qc6+ Ke7 21. Rb1 Qxb1 22. Bb4+ Kd8 23. Ba5+ Qb6 24. Bxb6+ axb6 25. Qxa8 Kd7 26. Nd4 f6 27. Qc6+ 1-0

[Event "GBR-ch111 Major Open"]
[Site "Liverpool"]
[Date "2025.08.06"]
[Round "5.51"]
[White "Van Uytvange, Jonas"]
[Black "Mulukutla, Ayaansh"]
[Result "0-1"]
[WhiteElo "1566"]
[BlackElo "1852"]
[PlyCount "102"]
[EventDate "2025.08.02"]
[EventType "swiss"]
[EventRounds "9"]
[EventCountry "GBR"]
[SourceTitle "BritBase"]
[Source "John Saunders"]
[SourceDate "2025.08.11"]
[SourceVersion "1"]
[SourceVersionDate "2025.08.11"]
[SourceQuality "1"]

1. e4 c5 2. Nf3 e6 3. d4 cxd4 4. Nxd4 Nf6 5. Bd3 Bc5 6. Nf3 Nc6 7. O-O Qc7 8. Nbd2 O-O 9. b3 e5 10. Bb2 d6 11. a3 a5 12. c3 Bg4 13. Be2 Rfd8 14. Nh4 Bxe2 15. Qxe2 d5 16. exd5 Rxd5 17. Rad1 Rad8 18. Nf5 Qd7 19. g4 Rxd2 20. Rxd2 Qxd2 21. Qc4 Qxb2 22. Qxc5 Qxb3 23. Qe3 Qc4 24. Qg5 Qxg4+ 25. Qxg4 Nxg4 26. Rb1 Rd7 27. h3 Nf6 28. Kh2 g6 29. Ne3 Ne4 30. Ng4 f5 31. Ne3 Nxf2 32. c4 Ne7 33. a4 f4 34. Nd5 Nxd5 35. cxd5 Rxd5 36. Rxb7 Rd4 37. Kg2 Ne4 38. Rb5 Rxa4 39. Rxe5 Nf6 40. Kf3 Kf7 41. Rc5 h6 42. Rc7+ Ke6 43. h4 Ra3+ 44. Kf2 g5 45. hxg5 hxg5 46. Rc8 Kf5 47. Rf8 g4 48. Kg1 Ra2 49. Rf7 a4 50. Ra7 g3 51. Ra6 f3 0-1

[Event "GBR-ch111 Major Open"]
[Site "Liverpool"]
[Date "2025.08.06"]
[Round "5.52"]
[White "Gunatilake, Vinuda"]
[Black "Cann, Arthur"]
[Result "1-0"]
[WhiteElo "1851"]
[BlackElo "1677"]
[PlyCount "45"]
[EventDate "2025.08.02"]
[EventType "swiss"]
[EventRounds "9"]
[EventCountry "GBR"]
[SourceTitle "BritBase"]
[Source "John Saunders"]
[SourceDate "2025.08.11"]
[SourceVersion "1"]
[SourceVersionDate "2025.08.11"]
[SourceQuality "1"]

1. d4 d5 2. c4 e6 3. Nc3 Nf6 4. cxd5 exd5 5. Bg5 c6 6. Qc2 h6 7. Bh4 Be6 8. f3 Bb4 9. e3 Nbd7 10. Bd3 O-O 11. Nge2 Qc7 12. O-O Bd6 13. h3 Nh5 14. e4 g5 15. Bf2 Bh2+ 16. Kh1 Ng3+ 17. Bxg3 Bxg3 18. e5 Bf4 19. Nxf4 gxf4 20. Ne2 Nxe5 21. dxe5 Qxe5 22. Qc3 Qg5 23. Qd4 1-0

[Event "GBR-ch111 Major Open"]
[Site "Liverpool"]
[Date "2025.08.06"]
[Round "5.53"]
[White "Clerc, Oceane"]
[Black "Sedykh, Stakhey"]
[Result "0-1"]
[WhiteElo "1844"]
[BlackElo "1756"]
[PlyCount "70"]
[EventDate "2025.08.02"]
[EventType "swiss"]
[EventRounds "9"]
[EventCountry "GBR"]
[SourceTitle "BritBase"]
[Source "John Saunders"]
[SourceDate "2025.08.11"]
[SourceVersion "1"]
[SourceVersionDate "2025.08.11"]
[SourceQuality "1"]

1. e4 c5 2. Nc3 Nc6 3. g3 g6 4. Bg2 Bg7 5. f4 d6 6. Nf3 Nh6 7. O-O O-O 8. d3 f5 9. Ne2 Nf7 10. h3 e6 11. c3 Qb6 12. Kh2 Re8 13. g4 Qc7 14. Ng3 Ne7 15. Nh4 Bf6 16. Nf3 Bg7 17. g5 Bd7 18. h4 Bc6 19. Qe2 b5 20. h5 a5 21. Rh1 b4 22. c4 a4 23. Rb1 Qb7 24. Kg1 Rab8 25. Nh4 Nh8 26. Bf3 Kf7 27. h6 Bf8 28. Be3 Qb6 29. Bf2 d5 30. exd5 exd5 31. Qe5 Kg8 32. cxd5 Nxd5 33. Bxd5+ Nf7 34. Bxf7+ Kxf7 35. Qf6+ Kg8 0-1

[Event "GBR-ch111 Major Open"]
[Site "Liverpool"]
[Date "2025.08.06"]
[Round "5.54"]
[White "Ursu, Alexander"]
[Black "Munshi, Aryan"]
[Result "0-1"]
[WhiteElo "1636"]
[BlackElo "1841"]
[PlyCount "86"]
[EventDate "2025.08.02"]
[EventType "swiss"]
[EventRounds "9"]
[EventCountry "GBR"]
[SourceTitle "BritBase"]
[Source "John Saunders"]
[SourceDate "2025.08.11"]
[SourceVersion "1"]
[SourceVersionDate "2025.08.11"]
[SourceQuality "1"]

1. d4 Nf6 2. c4 e6 3. Nc3 d5 4. cxd5 exd5 5. Bf4 c6 6. e3 Be7 7. Bd3 O-O 8. h3 Nbd7 9. Nf3 Re8 10. O-O Nf8 11. Rc1 Ng6 12. Bh2 Bd6 13. Bxd6 Qxd6 14. a3 Ne4 15. Nd2 f5 16. Nb3 Bd7 17. Nc5 Nxc5 18. dxc5 Qf6 19. Qb3 Ne5 20. Be2 Rab8 21. e4 fxe4 22. Nxe4 Qf8 23. Nd6 Re7 24. Rfe1 Nf7 25. Nxf7 Rxf7 26. Qg3 Bf5 27. Bh5 g6 28. Re2 Re8 29. Rxe8 Qxe8 30. Bg4 Bxg4 31. Qxg4 Qe5 32. Qb4 Qe2 33. Qd4 Re7 34. f3 Re3 35. Qf4 Re7 36. Qd4 Qe3+ 37. Qxe3 Rxe3 38. Kf2 Rb3 39. Ke2 Rxb2+ 40. Kf1 Kf7 41. Rc3 Ke6 42. Re3+ Kd7 43. Rc3 b6 0-1

[Event "GBR-ch111 Major Open"]
[Site "Liverpool"]
[Date "2025.08.06"]
[Round "5.55"]
[White "Pyun, Lindsay"]
[Black "Bartlett, Joel"]
[Result "1/2-1/2"]
[WhiteElo "1762"]
[BlackElo "1858"]
[PlyCount "76"]
[EventDate "2025.08.02"]
[EventType "swiss"]
[EventRounds "9"]
[EventCountry "GBR"]
[SourceTitle "BritBase"]
[Source "John Saunders"]
[SourceDate "2025.08.11"]
[SourceVersion "1"]
[SourceVersionDate "2025.08.11"]
[SourceQuality "1"]

1. e4 e5 2. Nf3 Nc6 3. Bc4 Nf6 4. d3 Be7 5. O-O O-O 6. Re1 d6 7. a4 Na5 8. Ba2 c5 9. Nbd2 h6 10. h3 Re8 11. Nc4 Nc6 12. c3 Bf8 13. Qc2 Bd7 14. Bd2 Rc8 15. Rad1 a6 16. Ne3 b5 17. axb5 axb5 18. Nd5 Nxd5 19. Bxd5 Ne7 20. Bb3 c4 21. dxc4 bxc4 22. Ba4 Bxa4 23. Qxa4 Qc7 24. Ra1 Rb8 25. Be3 Qc6 26. Qc2 Ra8 27. Reb1 Rxa1 28. Rxa1 Rb8 29. Nd2 Qb5 30. Rb1 Qc6 31. b4 cxb3 32. Rxb3 Rc8 33. Qb2 d5 34. f3 dxe4 35. Nxe4 Nd5 36. Bd2 f5 37. Ng3 Bc5+ 38. Kh1 Qg6 1/2-1/2

[Event "GBR-ch111 Major Open"]
[Site "Liverpool"]
[Date "2025.08.06"]
[Round "5.56"]
[White "Gorskovs, Andrejs"]
[Black "Buffard, Julien"]
[Result "1-0"]
[WhiteElo "1844"]
[BlackElo "1732"]
[PlyCount "49"]
[EventDate "2025.08.02"]
[EventType "swiss"]
[EventRounds "9"]
[EventCountry "GBR"]
[SourceTitle "BritBase"]
[Source "John Saunders"]
[SourceDate "2025.08.11"]
[SourceVersion "1"]
[SourceVersionDate "2025.08.11"]
[SourceQuality "1"]

1. e4 c5 2. Nf3 e6 3. d4 cxd4 4. Nxd4 Nc6 5. Nc3 Qc7 6. Be3 a6 7. g4 b5 8. Nxc6 dxc6 9. Qf3 Bb7 10. O-O-O Bb4 11. Ne2 c5 12. Ng3 Ne7 13. Nh5 Qe5 14. Bg2 Ng6 15. Qh3 Rc8 16. f4 Qc7 17. f5 exf5 18. Nxg7+ Ke7 19. Nxf5+ Ke8 20. Nd6+ Ke7 21. Rhf1 f6 22. g5 Rcf8 23. gxf6+ Rxf6 24. Bg5 Rhf8 25. Qxh7+ 1-0

[Event "GBR-ch111 Major Open"]
[Site "Liverpool"]
[Date "2025.08.06"]
[Round "5.57"]
[White "Perkins, Chris"]
[Black "Sheikh, Anum"]
[Result "0-1"]
[WhiteElo "1747"]
[BlackElo "1842"]
[PlyCount "114"]
[EventDate "2025.08.02"]
[EventType "swiss"]
[EventRounds "9"]
[EventCountry "GBR"]
[SourceTitle "BritBase"]
[Source "John Saunders"]
[SourceDate "2025.08.11"]
[SourceVersion "1"]
[SourceVersionDate "2025.08.11"]
[SourceQuality "1"]

1. e4 c5 2. Nc3 e6 3. f4 d5 4. Nf3 a6 5. d3 Nc6 6. g3 Nf6 7. e5 Nd7 8. Bg2 Be7 9. b3 b5 10. Bb2 Bb7 11. Qd2 Nb6 12. O-O d4 13. Ne4 Nd5 14. Rae1 Ne3 15. Rxe3 dxe3 16. Qxe3 Nb4 17. Qd2 O-O 18. Nfg5 Bxg5 19. Nxg5 Bxg2 20. Qxg2 Qd5 21. Qh3 h6 22. Ne4 Kh7 23. f5 Nxc2 24. g4 Rad8 25. Nf6+ gxf6 26. Bc1 Qd4+ 27. Rf2 Qxd3 28. Qxh6+ Kg8 29. exf6 Qd1+ 30. Rf1 Qxg4+ 31. Kf2 Qxf5+ 32. Bf4 Rd2+ 33. Kg3 Rd3+ 34. Kf2 Rd2+ 35. Kf3 Nd4+ 36. Kg3 Ne2+ 37. Kh4 Qh7 38. Bxd2 Rd8 39. Qxh7+ Kxh7 40. Ba5 Rd4+ 41. Kg5 c4 42. bxc4 bxc4 43. Re1 Rd5+ 44. Kg4 c3 45. Rxe2 Rxa5 46. Rc2 Rc5 47. Kf4 Kg6 48. Ke4 Kxf6 49. Kf4 e5+ 50. Kg4 e4 51. Kf4 Rc4 52. Ke3 Ke5 53. Kf2 f5 54. a4 a5 55. Ke3 f4+ 56. Ke2 f3+ 57. Ke3 Kf5 0-1

[Event "GBR-ch111 Major Open"]
[Site "Liverpool"]
[Date "2025.08.06"]
[Round "5.58"]
[White "Hanlon, Shay"]
[Black "Boganadham, Ved Sudeep"]
[Result "1-0"]
[WhiteElo "1809"]
[BlackElo "1731"]
[PlyCount "53"]
[EventDate "2025.08.02"]
[EventType "swiss"]
[EventRounds "9"]
[EventCountry "GBR"]
[SourceTitle "BritBase"]
[Source "John Saunders"]
[SourceDate "2025.08.11"]
[SourceVersion "1"]
[SourceVersionDate "2025.08.11"]
[SourceQuality "1"]

1. d4 Nf6 2. c4 g6 3. Nc3 Bg7 4. e4 d6 5. f3 Nfd7 6. Be3 e5 7. Nge2 Bh6 8. Qd2 Bxe3 9. Qxe3 a5 10. O-O-O Na6 11. Kb1 c6 12. h4 h5 13. f4 Qb6 14. Qg3 exd4 15. Nxd4 Ndc5 16. f5 Bd7 17. fxg6 O-O-O 18. g7 Rhg8 19. Be2 Ne6 20. Nf5 Qc7 21. Ne7+ Kb8 22. Nxg8 Rxg8 23. Qxd6 Rxg7 24. Qxd7 Qb6 25. Bxh5 Rxg2 26. Rd2 Rg3 27. Qd6+ 1-0

[Event "GBR-ch111 Major Open"]
[Site "Liverpool"]
[Date "2025.08.06"]
[Round "5.59"]
[White "Wainwright, Charlie"]
[Black "Ellson, Louie"]
[Result "1-0"]
[WhiteElo "1743"]
[BlackElo "1807"]
[PlyCount "102"]
[EventDate "2025.08.02"]
[EventType "swiss"]
[EventRounds "9"]
[EventCountry "GBR"]
[SourceTitle "BritBase"]
[Source "John Saunders"]
[SourceDate "2025.08.11"]
[SourceVersion "1"]
[SourceVersionDate "2025.08.11"]
[SourceQuality "1"]

1. d4 Nf6 2. c4 e6 3. Nc3 b6 4. Bg5 Bb7 5. e3 Bb4 6. Nf3 h6 7. Bxf6 Qxf6 8. a3 Bxc3+ 9. bxc3 O-O 10. Be2 d6 11. O-O Nd7 12. Nd2 c5 13. Bf3 Bxf3 14. Qxf3 Qe7 15. a4 a5 16. Rab1 f5 17. Rfe1 e5 18. Red1 e4 19. Qg3 Rf6 20. f3 Re8 21. fxe4 fxe4 22. Rf1 Ref8 23. Qg4 Rxf1+ 24. Rxf1 Rxf1+ 25. Kxf1 Qf7+ 26. Ke2 Nf6 27. Qf4 Qe6 28. h3 g5 29. Qf1 d5 30. dxc5 bxc5 31. Qb1 Qe5 32. cxd5 Nxd5 33. Nxe4 c4 34. Qc2 h5 35. g4 h4 36. Kf3 Kh8 37. Qd2 Qe6 38. Qd4+ Kg8 39. Nxg5 Qd6 40. Qh8+ Kxh8 41. Nf7+ Kg7 42. Nxd6 Nb6 43. Nb7 Nxa4 44. Nxa5 Nxc3 45. Nxc4 Kf6 46. Nd6 Nd5 47. Nf5 Kg5 48. Nd4 Nf6 49. e4 Nd7 50. Ke3 Nf6 51. Nf3+ Kg6 1-0

[Event "GBR-ch111 Major Open"]
[Site "Liverpool"]
[Date "2025.08.06"]
[Round "5.60"]
[White "Banerjee, Sanjoy K"]
[Black "Mittal, Advik"]
[Result "0-1"]
[WhiteElo "1729"]
[BlackElo "1806"]
[PlyCount "94"]
[EventDate "2025.08.02"]
[EventType "swiss"]
[EventRounds "9"]
[EventCountry "GBR"]
[SourceTitle "BritBase"]
[Source "John Saunders"]
[SourceDate "2025.08.11"]
[SourceVersion "1"]
[SourceVersionDate "2025.08.11"]
[SourceQuality "1"]

1. d4 Nf6 2. c4 e6 3. Nf3 d5 4. Nc3 Be7 5. Bf4 c6 6. e3 Nbd7 7. Bd3 O-O 8. O-O dxc4 9. Bxc4 b5 10. Bd3 Bb7 11. h3 Rc8 12. a4 b4 13. Na2 c5 14. Qe2 Qb6 15. Rfd1 Bxf3 16. Qxf3 c4 17. Bf1 Nd5 18. e4 Nxf4 19. Qxf4 Qc7 20. Qe3 a5 21. Nc1 Nb6 22. d5 exd5 23. exd5 Bc5 24. Qg5 Rfe8 25. d6 Bxd6 26. Ne2 Be5 27. Nd4 Bxd4 28. Rxd4 Qc5 29. Qf4 Red8 30. Re4 Qc7 31. Qe3 Nd5 32. Qf3 Nb6 33. Rae1 Rf8 34. b3 cxb3 35. Qxb3 Qc3 36. Qd1 h6 37. Bb5 Rcd8 38. Qh5 Rd5 39. Qh4 Rg5 40. Qf4 Qf6 41. Qd2 Rc5 42. Be8 Nc4 43. Qd7 Nd6 44. R4e2 Nxe8 45. Rxe8 Rxe8 46. Rxe8+ Kh7 47. Rf8 Rc1+ 0-1

[Event "GBR-ch111 Major Open"]
[Site "Liverpool"]
[Date "2025.08.06"]
[Round "5.61"]
[White "Ding, Yicheng"]
[Black "Barton, Will"]
[Result "1-0"]
[WhiteElo "1793"]
[BlackElo "1580"]
[PlyCount "55"]
[EventDate "2025.08.02"]
[EventType "swiss"]
[EventRounds "9"]
[EventCountry "GBR"]
[SourceTitle "BritBase"]
[Source "John Saunders"]
[SourceDate "2025.08.11"]
[SourceVersion "1"]
[SourceVersionDate "2025.08.11"]
[SourceQuality "1"]

1. d4 f5 2. c4 Nf6 3. g3 e6 4. Bg2 Bb4+ 5. Nd2 O-O 6. a3 Be7 7. Nh3 d5 8. Qc2 Nc6 9. Nf3 Ne4 10. e3 Bf6 11. O-O Qe8 12. Nf4 Ne7 13. cxd5 Nxd5 14. Nxd5 exd5 15. Qxc7 Qh5 16. Nd2 Rf7 17. Qc2 Bg5 18. Qd1 Qh6 19. Nf3 Be7 20. Ne5 Rf6 21. f3 Nd6 22. e4 Qh5 23. exf5 Qxf5 24. f4 Ne4 25. Be3 Rh6 26. Rc1 Qf6 27. f5 Bd6 28. Bxh6 1-0

[Event "GBR-ch111 Major Open"]
[Site "Liverpool"]
[Date "2025.08.06"]
[Round "5.64"]
[White "Coe, Laurence"]
[Black "Berkley, Stephen W"]
[Result "1/2-1/2"]
[WhiteElo "1833"]
[BlackElo "1748"]
[PlyCount "46"]
[EventDate "2025.08.02"]
[EventType "swiss"]
[EventRounds "9"]
[EventCountry "GBR"]
[SourceTitle "BritBase"]
[Source "John Saunders"]
[SourceDate "2025.08.11"]
[SourceVersion "1"]
[SourceVersionDate "2025.08.11"]
[SourceQuality "1"]

1. Nf3 Nf6 2. c4 e6 3. Nc3 d5 4. e3 c6 5. b3 Nbd7 6. Bb2 dxc4 7. Bxc4 b5 8. Be2 Bb7 9. O-O Be7 10. Qc2 a6 11. Rac1 O-O 12. Rfd1 Re8 13. e4 Qc7 14. d4 b4 15. Nb1 Qf4 16. Nbd2 c5 17. g3 Qh6 18. e5 Ng4 19. Ne4 cxd4 20. Bxd4 Rac8 21. Bc4 Nc5 22. Bxc5 Bxc5 23. Rf1 Bb6 1/2-1/2

[Event "GBR-ch111 Major Open"]
[Site "Liverpool"]
[Date "2025.08.06"]
[Round "5.65"]
[White "Pleimling, Luc"]
[Black "Chantrell, Paul"]
[Result "0-1"]
[WhiteElo "1664"]
[BlackElo "1768"]
[PlyCount "64"]
[EventDate "2025.08.02"]
[EventType "swiss"]
[EventRounds "9"]
[EventCountry "GBR"]
[SourceTitle "BritBase"]
[Source "John Saunders"]
[SourceDate "2025.08.11"]
[SourceVersion "1"]
[SourceVersionDate "2025.08.11"]
[SourceQuality "1"]

1. d4 d5 2. Nf3 Nf6 3. g3 c6 4. Bg2 Bf5 5. c4 dxc4 6. Nc3 e6 7. Ne5 Bb4 8. O-O O-O 9. Nxc4 Be7 10. Ne5 Nd5 11. e4 Nxc3 12. bxc3 Bg6 13. Nxg6 hxg6 14. Qb3 Qc8 15. c4 Nd7 16. Bb2 c5 17. d5 e5 18. Bh3 Bd6 19. Qc3 Qc7 20. f4 Rfe8 21. Bxd7 Qxd7 22. fxe5 Bxe5 23. Qb3 Bxb2 24. Qxb2 Rxe4 25. Qb3 Rae8 26. Rab1 b6 27. a4 Qg4 28. Qb5 Re2 29. Qb3 Qh3 30. Rf2 Re1+ 31. Rxe1 Rxe1+ 32. Rf1 Qxf1# 0-1

[Event "GBR-ch111 Major Open"]
[Site "Liverpool"]
[Date "2025.08.06"]
[Round "5.66"]
[White "Blin, Henri"]
[Black "Shah, Samuel"]
[Result "1/2-1/2"]
[WhiteElo "1704"]
[BlackElo "1693"]
[PlyCount "33"]
[EventDate "2025.08.02"]
[EventType "swiss"]
[EventRounds "9"]
[EventCountry "GBR"]
[SourceTitle "BritBase"]
[Source "John Saunders"]
[SourceDate "2025.08.11"]
[SourceVersion "1"]
[SourceVersionDate "2025.08.11"]
[SourceQuality "1"]

1. e4 e6 2. d4 d5 3. exd5 exd5 4. Bd3 Nc6 5. c3 Bd6 6. h3 Nge7 7. Nf3 h6 8. a4 O-O 9. O-O Bf5 10. Re1 Re8 11. Be3 Qd7 12. Na3 Bxd3 13. Qxd3 Nf5 14. Nb5 Nxe3 15. Nxd6 Qxd6 16. Rxe3 Rxe3 17. Qxe3 1/2-1/2

[Event "GBR-ch111 Major Open"]
[Site "Liverpool"]
[Date "2025.08.07"]
[Round "6.1"]
[White "Cancedda-Dupuis, Livio"]
[Black "Kolani, Arjun"]
[Result "1/2-1/2"]
[WhiteElo "2053"]
[BlackElo "2118"]
[PlyCount "58"]
[EventDate "2025.08.02"]
[EventType "swiss"]
[EventRounds "9"]
[EventCountry "GBR"]
[SourceTitle "BritBase"]
[Source "John Saunders"]
[SourceDate "2025.08.11"]
[SourceVersion "1"]
[SourceVersionDate "2025.08.11"]
[SourceQuality "1"]

1. e4 e5 2. Nf3 Nc6 3. Bb5 a6 4. Ba4 Nf6 5. O-O b5 6. Bb3 Bc5 7. c3 d6 8. h3 Bb6 9. Re1 O-O 10. d3 h6 11. Nbd2 Ne7 12. Nf1 Ng6 13. Be3 c5 14. Ng3 d5 15. d4 cxd4 16. cxd4 exd4 17. Bxd4 dxe4 18. Bxf6 Qxf6 19. Nxe4 Qf4 20. Qd6 Qxd6 21. Nxd6 Be6 22. Ne5 Nxe5 23. Rxe5 Rad8 24. Rd1 Bc7 25. Bxe6 Rxd6 26. Rc1 Bb8 27. Bg4 Rfd8 28. Ree1 Rd2 29. Rcd1 Rxd1 1/2-1/2